000 01282cam a22002294a 4500
005 20250605163947.0
008 250528s ||||||||||||||||||||||||d
035 _a15262
020 _a471042544
040 _aGR-AtMCL
_bgre
_dGR-AtMCL
_eAACR2
245 1 _aStudent Workbook for Business Data Processing Systems / Second Edition
250 _a2nd
260 _bJohn Wiley & Sons,
_c1977
300 _a88
520 _aThis book is part of a continuing program of paperbound textbooks especially designed for students and professional people overseas. It is an unabridged reprinting of the original hardbound edition. Introduction to Systems Concepts, System Studies - An Overview, The Systems Analyst, Fundamental Concepts of Analysis and Design, Basic Design Considerations, Forms Design, Card Design, Design of High-Level Files, Systems Flowcharts and Decision Tables, Case Study for a Department Store, Information Processing, Hardware, Data Communications, Management Information System, Project Controls and Management, Controls and Feedback, Analysis of Systems Costs, Feasibility Studies, Planning Tools.
700 1 _aOrilia Lawrence S
_91154
700 1 _aStern Nancy
_91155
700 1 _aStern Robert
_91156
942 _cBK
999 _c855
_d855